000 00824nja a2200205 a 4500
003 BLK
005 20180422123936.0
008 180414c bul|r|ner|||| 00| c0bul d
010 _aNOT00002286033
040 _aBLK
100 1 _aЛьондев, Петър Стефанов
_eпърви автор
_qБълг. композитор
_9387605
700 1 _aКиров, Радой Цветков
_eтекст
_9363728
245 1 0 _aВаната на врабчо
_cПетър Стефанов Льондев; текст Радой Цветков Киров.
257 _aBGR
380 _a7
773 _0310012
_9662271
_aЛьондев, Петър Стефанов
_tПесни и музикални игри за детската градина
852 _aЦб М 1983
942 _cNOT
_n0
944 _aCR
_c24.08.2007
_kИрена_Линкова
944 _aED
_c05.12.2007
_k
999 _c310045
_d310045